| 000 | 01410nam a22002657a 4500 | ||
|---|---|---|---|
| 003 | NALT | ||
| 005 | 20211027182301.0 | ||
| 008 | s2546 th tha d | ||
| 040 | _aNALT | ||
| 041 | _atha | ||
| 090 | _aว HD1537.T5 ว765ก 2546 | ||
| 100 | 0 | _aวิเศษ สุจินพรัหม | |
| 245 | 1 | 0 | _aการจัดการที่ดินโดยชุมชน : ทางเลือกในการจัดสรรและควบคุมการใช้ประโยชน์ที่ดินอย่างเป็นธรรม |
| 260 | 3 |
_aกรุงเทพฯ : _bสำนักงานกองทุนสนับสนุนการวิจัย, _c2546 |
|
| 300 |
_a25 หน้า ; _b 29 ซม. |
||
| 650 | 0 | 4 | _aการจัดการที่ดิน -- ไทย -- วิจัย |
| 650 | 0 | 4 | _aการจัดสรรที่ดิน -- ไทย -- วิจัย |
| 650 | 0 | 4 | _aเกษตรกร -- วิจัย |
| 650 | 0 | 4 | _aที่ดินเพื่อการเกษตร -- นโยบายของรัฐ -- วิจัย |
| 650 | 0 | 4 | _aบ้านศรีเตี้ย -- การใช้ที่ดิน -- วิจัย |
| 650 | 0 | 4 | _aที่ดิน -- การจัดการ -- วิจัย |
| 850 | _aNALT | ||
| 942 |
_cRSH _2lcc |
||
| 998 |
_bNOOPIN _j109 _k อารีรัตน์ วิชาช่าง |
||
| 999 |
_c31729 _d31729 |
||